|
|
|
|
| LEADER |
01080nam a2200265 a 4500 |
| 001 |
GR-MES1755 |
| 008 |
991111s1995 enk b 001 b eng d |
| 020 |
|
|
|a 0873719514
|
| 040 |
|
|
|a GrPaTEI
|b gre
|c GR-PaULI
|
| 245 |
0 |
0 |
|a Applications of molecular biology in environmental chemistry.
|
| 260 |
|
|
|a London :
|b Lewis Publishers,
|c 1995
|
| 300 |
|
|
|a 242σ. :
|b πίν.,διαγρ.
|
| 504 |
|
|
|a Περιλαμβάνει βιβλιογραφικές παραπομπές και ευρετήριο.
|
| 650 |
|
4 |
|a ΓΕΝΙΚΗ ΤΟΞΙΚΟΛΟΓΙΑ
|
| 650 |
|
4 |
|a ΜΟΡΙΑΚΗ ΤΟΞΙΚΟΛΟΓΙΑ
|
| 650 |
|
4 |
|a ΠΕΡΙΒΑΛΛΟΝΤΙΚΗ ΧΗΜΕΙΑ
|
| 700 |
1 |
|
|a Ford, Allan
|
| 700 |
1 |
|
|a Karch, Nathan
|
| 700 |
1 |
|
|a Minear, Roger
|
| 700 |
1 |
|
|a Needham, Lawrence
|
| 710 |
0 |
|
|a Lewis Publishers
|
| 942 |
|
|
|2 ddc
|
| 952 |
|
|
|0 0
|1 0
|2 ddc
|4 0
|6 615_902000000000000_MIN
|7 0
|9 266031
|a MSLG
|b MSLG
|c BSC
|d 2021-01-17
|e 24
|f 0
|g 0.00
|l 0
|o 615.902 MIN
|p 2420000013525
|r 2021-01-17 00:00:00
|t 1
|w 2021-01-17
|y BK15
|x 19991111 0 1
|x GrPaTEI
|
| 971 |
|
|
|a .b25727990
|b 15-04-20
|c 13-09-16
|
| 999 |
|
|
|c 152955
|d 152955
|